[Event "Regionalliga Nord-West 1718"]
[Site "Bayern"]
[Date "2018.04.15"]
[Round "9.5"]
[White "Wambach, Juergen"]
[Black "Reissner, Andreas"]
[Result "1/2-1/2"]
[WhiteElo "1978"]
[BlackElo "1999"]
[PlyCount "69"]
[EventDate "2017.10.22"]
[EventType "team-tourn"]
[EventRounds "9"]
[EventCountry "GER"]
[SourceTitle "EXT 2022"]
[Source "ChessBase"]
[SourceDate "2021.10.06"]
[SourceVersion "1"]
[SourceVersionDate "2021.10.06"]
[SourceQuality "1"]
[WhiteTeam "Klingenberg"]
[BlackTeam "Marktleuthen"]
[WhiteTeamCountry "GER"]
[BlackTeamCountry "GER"]

1. d4 Nf6 2. Nf3 e6 3. Bf4 b6 4. h3 Bb7 5. e3 Be7 6. Bd3 d6 7. Nbd2 Nbd7 8. 0-0 h6 9. Bh2 a6 10. e4 c5 11. c3 Qc7 12. Qe2 Nh7 13. a4 Ng5 14. Ne1 e5 15. d5 Bf6 16. Nc2 Nf8 17. h4 Ngh7 18. g3 Ng6 19. Ne3 Ne7 20. Ng2 Bc8 21. f4 Ng6 22. h5 Ne7 23. Nc4 0-0 24. Nge3 Rd8 25. Ng4 Bxg4 26. Qxg4 Ra7 27. Ne3 Rb8 28. Qe2 Qc8 29. Nc4 Qc7 30. fxe5 Bxe5 31. Nxe5 dxe5 32. Bxa6 Ng5 33. Bb5 f6 34. g4 Nc8 35. Be8 1/2-1/2

[Event "Regionalliga Nord-West 1718"]
[Site "Bayern"]
[Date "2018.03.18"]
[Round "8.5"]
[White "Wambach, Juergen"]
[Black "Moenius, Alexander"]
[Result "1-0"]
[WhiteElo "1978"]
[BlackElo "1899"]
[PlyCount "109"]
[EventDate "2017.10.22"]
[EventType "team-tourn"]
[EventRounds "9"]
[EventCountry "GER"]
[SourceTitle "EXT 2022"]
[Source "ChessBase"]
[SourceDate "2021.10.06"]
[SourceVersion "1"]
[SourceVersionDate "2021.10.06"]
[SourceQuality "1"]
[WhiteTeam "Klingenberg"]
[BlackTeam "Hoechstadt/Aisch"]
[WhiteTeamCountry "GER"]
[BlackTeamCountry "GER"]

1. g3 d5 2. Nf3 Nc6 3. d4 Bf5 4. Bg2 e6 5. 0-0 h5 6. h4 Be7 7. b3 Nf6 8. Ba3 Ne4 9. Qc1 Bf6 10. c3 g5 11. hxg5 Nxg5 12. Nbd2 h4 13. Nh2 hxg3 14. fxg3 Nxd4 15. cxd4 Bxd4+ 16. Kh1 Qf6 17. Rf4 Bxa1 18. Qxc7 Qd8 19. Qxb7 Rc8 20. Rxf5 exf5 21. Bxd5 Qd7 22. Nc4 Qxb7 23. Bxb7 Rc7 24. Ba6 Ne4 25. Kg2 Bf6 26. Ne3 Nxg3 27. Nd5 Be5 28. Nf3 Nxe2 29. Nxe5 Nf4+ 30. Nxf4 Rc2+ 31. Kf3 Rh1 32. Bb5+ Kd8 33. Nxf7+ Kc7 34. Bd3 Rxa2 35. Bd6+ Kb6 36. Bxf5 Rb2 37. Be6 Rf1+ 38. Ke4 Re1+ 39. Kd4 Rxe6 40. Nxe6 Rxb3 41. Bc5+ Ka6 42. Nfd8 Rb1 43. Nc6 Rd1+ 44. Kc4 Rc1+ 45. Kd5 Rxc5+ 46. Kxc5 Kb7 47. Na5+ Ka6 48. Kb4 Kb6 49. Ka4 Ka6 50. Nc4 Kb7 51. Kb5 a5 52. Nd6+ Ka7 53. Nd4 a4 54. Nc6+ Ka8 55. Kb6 1-0

[Event "Regionalliga Nord-West 1718"]
[Site "Bayern"]
[Date "2017.10.22"]
[Round "1.5"]
[White "Assmann, Norbert"]
[Black "Wambach, Juergen"]
[Result "1-0"]
[WhiteElo "1945"]
[BlackElo "1978"]
[PlyCount "73"]
[EventDate "2017.10.22"]
[EventType "team-tourn"]
[EventRounds "9"]
[EventCountry "GER"]
[SourceTitle "EXT 2022"]
[Source "ChessBase"]
[SourceDate "2021.10.06"]
[SourceVersion "1"]
[SourceVersionDate "2021.10.06"]
[SourceQuality "1"]
[WhiteTeam "Sailauf"]
[BlackTeam "Klingenberg"]
[WhiteTeamCountry "GER"]
[BlackTeamCountry "GER"]

1. Nf3 d5 2. g3 Nf6 3. Bg2 c5 4. 0-0 e6 5. c4 Nc6 6. d3 Be7 7. Bf4 d4 8. Ne5 Nxe5 9. Bxe5 0-0 10. Bxf6 Bxf6 11. Nd2 Qc7 12. Qc2 Bd7 13. Rab1 Rab8 14. a3 Rfc8 15. b4 cxb4 16. axb4 b5 17. Rfc1 a5 18. Qd1 axb4 19. Rxb4 Be7 20. Rbb1 Ba3 21. Rc2 b4 22. Nb3 Qe5 23. Qd2 g5 24. c5 Ba4 25. c6 f6 26. Rc4 Bb5 27. Rc5 Qd6 28. Qc2 Rc7 29. e3 dxe3 30. fxe3 Qxd3 31. Qxd3 Bxd3 32. Rd1 Bb5 33. Nd4 Ba4 34. Rb1 Kf7 35. Ra5 e5 36. Rxa4 exd4 37. Rxa3 1-0

[Event "Regionalliga NW 1516"]
[Site "Bayern"]
[Date "2016.01.17"]
[Round "5.7"]
[White "Weikert, Benedikt"]
[Black "Wambach, Juergen"]
[Result "0-1"]
[WhiteElo "1705"]
[BlackElo "1922"]
[PlyCount "106"]
[EventDate "2015.10.11"]
[EventType "team-tourn"]
[EventRounds "9"]
[EventCountry "GER"]
[SourceTitle "EXT 2018"]
[Source "ChessBase"]
[SourceDate "2017.10.13"]
[SourceVersion "1"]
[SourceVersionDate "2017.10.13"]
[SourceQuality "1"]
[WhiteTeam "Bad Koenigshofen"]
[BlackTeam "Klingenberg"]
[WhiteTeamCountry "GER"]
[BlackTeamCountry "GER"]

1. d4 d6 2. Nf3 Nf6 3. c4 Nbd7 4. Nc3 e5 5. d5 a5 6. e4 Be7 7. h3 0-0 8. Be3 b6 9. a3 Nc5 10. Nd2 Qe8 11. b4 Nb7 12. Bd3 h6 13. 0-0 Nxe4 14. Ndxe4 f5 15. Nb5 fxe4 16. Bxe4 Bd8 17. Qd3 Bd7 18. f4 axb4 19. Bg6 Qe7 20. fxe5 dxe5 21. d6 Rxf1+ 22. Rxf1 cxd6 23. Bf7+ Kh8 24. Qg6 Qh4 25. Bd5 Bf6 26. Bxb7 Bxb5 27. Bxa8 Qxc4 28. Re1 bxa3 29. Be4 Kg8 30. Bxh6 a2 31. Qh7+ Kf8 32. Qh8+ Kf7 33. Kh1 Qxe4 34. Rxe4 a1Q+ 35. Kh2 gxh6 36. Qxh6 Bc6 37. Qh7+ Ke6 38. Qg8+ Kd7 39. Qf7+ Be7 40. Rg4 Qc1 41. Qf5+ Kd8 42. Rg8+ Be8 43. Qg6 Qc6 44. Rh8 b5 45. g3 e4 46. h4 b4 47. h5 b3 48. h6 b2 49. h7 b1Q 50. Rg8 Qcc2+ 51. Kh3 Qh1+ 52. Kg4 Qf3+ 53. Kh3 Qcg2# 0-1

[Event "Landesliga Nord 1415"]
[Site "Bayern"]
[Date "2014.11.23"]
[Round "3.2"]
[White "Simunek, Filip"]
[Black "Wambach, Juergen"]
[Result "1/2-1/2"]
[WhiteElo "2162"]
[BlackElo "1922"]
[PlyCount "106"]
[EventDate "2014.10.19"]
[EventType "team-tourn"]
[EventRounds "9"]
[EventCountry "GER"]
[SourceTitle "EXT 2018"]
[Source "ChessBase"]
[SourceDate "2017.10.13"]
[SourceVersion "1"]
[SourceVersionDate "2017.10.13"]
[SourceQuality "1"]
[WhiteTeam "Bad Koetzting"]
[BlackTeam "Klingenberg"]
[WhiteTeamCountry "GER"]
[BlackTeamCountry "GER"]

1. d4 d6 2. c4 c6 3. Nf3 Qc7 4. Nc3 e5 5. h3 Nf6 6. e4 Be7 7. Be2 0-0 8. Be3 Nbd7 9. Qd2 a6 10. Rc1 Re8 11. 0-0 Nf8 12. b4 Ng6 13. Rfd1 Bd7 14. d5 Rad8 15. a4 Bc8 16. dxc6 bxc6 17. b5 Nf8 18. Qb2 c5 19. Nd5 Qb7 20. Bd3 Ne6 21. Rb1 Nxd5 22. cxd5 Nd4 23. Bxd4 exd4 24. bxa6 Qa7 25. Qb6 Rd7 26. Qc6 Red8 27. a5 Rc7 28. Rb7 Rxb7 29. axb7 Qxb7 30. Qxb7 Bxb7 31. a6 Ba8 32. Rb1 f5 33. a7 Kf7 34. Rb8 Kf6 35. Nd2 fxe4 36. Bxe4 Ke5 37. f3 d3 38. Bxd3 Kd4 39. Bc4 Kc3 40. Bb5 Kxd2 41. Bc6 c4 42. Bxa8 c3 43. Bc6 c2 44. a8Q c1Q+ 45. Kh2 Rxb8 46. Qxb8 Qc3 47. Qb1 Qe5+ 48. Kh1 Qe1+ 49. Qxe1+ Kxe1 50. Kg1 Bh4 51. g4 Bg3 52. Kg2 Bf4 53. h4 h6 1/2-1/2

[Event "Regionalliga NW 1213"]
[Site "Bayern"]
[Date "2013.03.17"]
[Round "8.5"]
[White "Wambach, Juergen"]
[Black "Becker, Tobias"]
[Result "1-0"]
[WhiteElo "1994"]
[BlackElo "1925"]
[PlyCount "65"]
[EventDate "2012.10.14"]
[EventType "team-tourn"]
[EventRounds "9"]
[EventCountry "GER"]
[SourceTitle "EXT 2015"]
[Source "ChessBase"]
[SourceDate "2014.11.20"]
[SourceVersion "1"]
[SourceVersionDate "2014.11.20"]
[SourceQuality "1"]
[WhiteTeam "Klingenberg/Main"]
[BlackTeam "Kronach"]
[WhiteTeamCountry "GER"]
[BlackTeamCountry "GER"]

1. c4 c5 2. Nc3 g6 3. g3 Bg7 4. Bg2 Nc6 5. d3 Nh6 6. Nf3 0-0 7. h4 d6 8. h5 Nf5 9. hxg6 hxg6 10. Bg5 Qa5 11. Qc1 Re8 12. Kf1 Ncd4 13. Nd5 Be6 14. Bd2 Qd8 15. Nf4 Bc8 16. Ng5 e6 17. Ne4 Rb8 18. Bc3 e5 19. Nd5 Be6 20. Ng5 b5 21. Bd2 bxc4 22. dxc4 Rf8 23. Nh7 Bxd5 24. Bxd5 Qb6 25. b3 Rfe8 26. Bg5 Qc7 27. g4 Ne7 28. Bh6 Nxd5 29. Bxg7 Nf4 30. Bh6 Kxh7 31. Bxf4+ Kg8 32. Bxe5 Kf8 33. Bf6 1-0

[Event "Landesliga Nord 0910"]
[Site "Bayern"]
[Date "2010.02.07"]
[Round "6.5"]
[White "Wambach, Juergen"]
[Black "Bunk, Karsten"]
[Result "1-0"]
[WhiteElo "1983"]
[BlackElo "2054"]
[PlyCount "77"]
[EventDate "2009.10.18"]
[EventType "team-tourn"]
[EventRounds "9"]
[EventCountry "GER"]
[SourceTitle "EXT 2011"]
[Source "ChessBase"]
[SourceDate "2010.11.26"]
[SourceVersion "1"]
[SourceVersionDate "2010.11.26"]
[SourceQuality "1"]
[WhiteTeam "Klingenberg"]
[BlackTeam "Nuernberg Sued SW"]
[WhiteTeamCountry "GER"]
[BlackTeamCountry "GER"]

1. e4 c5 2. Nc3 e6 3. g3 b6 4. Bg2 Bb7 5. d3 d6 6. Nh3 Nd7 7. 0-0 a6 8. a4 Ngf6 9. f4 Qc7 10. Nf2 g6 11. Qe2 0-0-0 12. Bd2 h5 13. h3 Bg7 14. Ncd1 e5 15. c3 Rde8 16. b4 exf4 17. Bxf4 Nd5 18. bxc5 Nxf4 19. gxf4 Nxc5 20. d4 Ne6 21. Nd3 Kb8 22. e5 dxe5 23. fxe5 Bh6 24. Nb4 Ka7 25. Bxb7 Qxb7 26. Rxf7 Nc7 27. Nxa6 Rc8 28. a5 b5 29. Nc5 Qc6 30. Rf6 Qe8 31. Qf3 Rb8 32. Nf2 Rf8 33. Nfe4 Qe7 34. Rf1 Bg7 35. Rf7 Qd8 36. Nd6 Qg5+ 37. Kh1 Qd8 38. Qc6 Rxf7 39. Rxf7 1-0

[Event "Landesliga Nord 0910"]
[Site "Bayern"]
[Date "2009.12.13"]
[Round "4.5"]
[White "Fischer, Emil"]
[Black "Wambach, Juergen"]
[Result "1-0"]
[WhiteElo "2078"]
[BlackElo "1983"]
[PlyCount "91"]
[EventDate "2009.10.18"]
[EventType "team-tourn"]
[EventRounds "9"]
[EventCountry "GER"]
[SourceTitle "EXT 2011"]
[Source "ChessBase"]
[SourceDate "2010.11.26"]
[SourceVersion "1"]
[SourceVersionDate "2010.11.26"]
[SourceQuality "1"]
[WhiteTeam "Schweinfurt"]
[BlackTeam "Klingenberg"]
[WhiteTeamCountry "GER"]
[BlackTeamCountry "GER"]

1. e4 c5 2. Nc3 Nc6 3. g3 g6 4. Bg2 Bg7 5. d3 d6 6. Be3 Rb8 7. Qd2 b5 8. a3 a5 9. f4 b4 10. axb4 axb4 11. Nd1 Nd4 12. Ne2 Bg4 13. Bxd4 cxd4 14. 0-0 h5 15. Nf2 Nh6 16. h3 Bd7 17. Ra7 Qc8 18. Kh2 0-0 19. Ng1 Rd8 20. Nf3 Qc5 21. Rfa1 e5 22. R1a5 Rb5 23. Rxb5 Bxb5 24. Ra5 f6 25. b3 Rb8 26. Nh4 Qc7 27. Ra2 Be8 28. Bf3 Kh7 29. Qd1 Ng8 30. f5 Bh6 31. fxg6+ Bxg6 32. Bxh5 Ne7 33. Nxg6 Nxg6 34. Bxg6+ Kxg6 35. Qg4+ Kf7 36. Qh5+ Kg7 37. Qg4+ Kf7 38. Qf5 Rb7 39. Ng4 Bg7 40. h4 Qc3 41. Qh5+ Ke6 42. Qe8+ Re7 43. Qg8+ Rf7 44. Ra7 Qxc2+ 45. Kh3 Qxd3 46. Qxf7# 1-0

[Event "Regionalliga NW 0809"]
[Site "Bayern"]
[Date "2009.03.29"]
[Round "9.5"]
[White "Wambach, Juergen"]
[Black "Scheidt, Joerg"]
[Result "1-0"]
[WhiteElo "1975"]
[BlackElo "1975"]
[PlyCount "75"]
[EventDate "2008.10.05"]
[EventType "team-tourn"]
[EventRounds "9"]
[EventCountry "GER"]
[SourceTitle "EXT 2020"]
[Source "ChessBase"]
[SourceDate "2019.10.17"]
[SourceVersion "1"]
[SourceVersionDate "2019.10.17"]
[SourceQuality "1"]
[WhiteTeam "Klingenberg"]
[BlackTeam "Hof"]
[WhiteTeamCountry "GER"]
[BlackTeamCountry "GER"]

1. c4 b6 2. Nc3 Bb7 3. e4 e6 4. d4 d6 5. Nf3 Nd7 6. Bd3 g6 7. b3 Bg7 8. Bb2 Ne7 9. Qe2 a6 10. 0-0 0-0 11. Rad1 h6 12. Bb1 Re8 13. Ne1 Nc6 14. Nc2 Ne7 15. f4 f5 16. e5 d5 17. Ne3 Nf8 18. a4 Qd7 19. Ba3 Red8 20. Rd2 Qe8 21. Ba2 c6 22. Bd6 Nd7 23. b4 Rdc8 24. b5 axb5 25. axb5 Kh7 26. bxc6 Rxc6 27. Nb5 dxc4 28. Bxc4 Rxc4 29. Qxc4 Nd5 30. Nxd5 Bxd5 31. Qb4 Ra5 32. Nc7 Qc8 33. Nxd5 Rxd5 34. Qb2 Qc4 35. Rc1 Qa4 36. Ra1 Qc6 37. Rc2 Qb7 38. Rc7 1-0